Bachar al-Assad - Vrai ou Faux - Statistiques

Statistiques générales
  • Ce quiz a été pris 95 fois
    69 depuis la dernière actualisation
  • Le résultat moyen est 6 sur 10
Statistiques - réponses
Question Réponse % Correct
Il est le fils de l'ancien président syrien, à qui il a succédé. Vrai
94%
Il a été accusé d’utilisation d’armes chimiques contre son propre peuple lors du conflit syrien. Vrai
94%
Avant de devenir président, il était ingénieur en informatique. Faux
75%
Il est musulman sunnite. Faux
69%
Il fait partie du parti Baas. Vrai
69%
Il est né à Damas Vrai
66%
Il a été élu président en 2000. Vrai
63%
Il a étudié à Harvard avant de devenir président. Faux
53%
Il parle couramment russe. Faux
41%
Il a été condamné par la Cour pénale internationale pour crimes contre l'humanité. Faux
22%
Aucun quiz correspondant
Distribution des résultats
% des personnes avec chaque résultat
Percentile par nombre de réponses
Votre historique - résultats
Vous n’avez pas pris ce quiz depuis la dernière actualisation